Szczegóły MARC21

Miasta model liryczny : obraz rzeczywistości lokalnej w prasie z lat 1946-1985 /

003 -Nazwa inst., której nr kontr. jest w polu 001 [,]
    • @
    • Nazwa instytucji, której n kontrolny jest w polu 001
    • NUKAT
005 -DATA I CZAS OSTATNIEJ MODYFIKACJI [,]
    • @
    • pole kontrolne
    • 20241231085258.0
020 -Międzynarod. znormalizowany nr książki - ISBN [ , ]
    • a
    • Numer ISBN
    • 8372413517 Find
040 -Instytucja sporządzająca opis [ , ]
    • a
    • Instytucja, która sporządziła opis (NP)
    • Ł U/db
    • c
    • Instytucja, która sporządziła rekord (NP)
    • Ł U/db
    • d
    • Instytucja, która zmodyfikowała rekord (P)
    • Ł U/MK
    • d
    • Instytucja, która zmodyfikowała rekord (P)
    • Ł U/RRs
041 -Język dokumentu [0, ]
    • a
    • Język tekstu (P)
    • polski
    • b
    • Język streszczeń lub abstraktu (P)
    • angielski
942 -Rodzaj dokumentu [ , ]
    • c
    • Rodzaj dokumentu
    • Książka
100 -Hasło główne - nazwa osobowa [1, ]
    • a
    • Nazwa osobowa (NP)
    • Fiternicka-Gorzko, Magdalena.
    • 9
    • KHW
    • 7475
245 -Strefa tytułu i oznaczenia odpowiedzialności [1,0]
    • a
    • Tytuł
    • Miasta model liryczny : Find
    • b
    • Ciąg dalszy tytułu (NP)
    • obraz rzeczywistości lokalnej w prasie z lat 1946-1985 / Find
    • c
    • Pozostałe elementy strefy tytułu i oznaczenia odpowiedzialności (NP)
    • Magdalena Fiternicka-Gorzko.
260 -Strefa adresu wydawniczego [ , ]
    • a
    • Miejsce wydania (P)
    • Szczecin :
    • b
    • Nazwa wydawcy (P)
    • Wydaw. Naukowe Uniwersytetu Szczecińskiego,
    • c
    • Data wydania (P)
    • 2003.
300 -Strefa opisu fizycznego [ , ]
    • a
    • Określenie formy książki i/lub objętość (NP)
    • 227 s. :
    • b
    • Oznaczenie ilustracji (NP)
    • rys., wykr. ;
    • c
    • Format (NP)
    • 24 cm.
336 -Typ zawartości [ , ]
    • a
    • Termin opisujący typ zawartości
    • Tekst
    • b
    • Kod określający zawartość
    • txt
    • 2
    • Źródło (terminu i kodu)
    • rdacontent
337 -Typ mediów [ , ]
    • a
    • Tryb odtwarzania
    • Bez urządzenia pośredniczącego
    • b
    • Kod typu mediów
    • n
    • 2
    • Źródło (terminu i kodu)
    • rdamedia
338 -Typ/rodzaj nośnika [ , ]
    • a
    • Hasło opisujące typ nośnika
    • Wolumin
    • b
    • Kod typu nośnika
    • nc
    • 2
    • Źródło (terminu i kodu)
    • rdacarrier
490 -Strefa serii i książki wielotomowej - forma nie do wyszukiwania [1, ]
    • a
    • Tytuł (P)
    • Rozprawy i Studia / Uniwersytet Szczeciński, Find
    • x
    • ISSN (NP)
    • 0860-2751 ;
    • v
    • Numeracja (P)
    • t. (564) 490
830 -Hasło dodatkowe serii i opisu książki wielotomowej - tytuł ujednolicony/tytuł [ ,0]
    • a
    • Tytuł ujednolicony/tytuł (NP)
    • Rozprawy i Studia - Uniwersytet Szczeciński
    • x
    • ISSN
    • 0860-2751
    • v
    • Oznaczenie tomu (NP)
    • t. 490
    • 9
    • KHW
    • 700
504 -Uwaga dot. bibliogr. załącznikowej [ , ]
    • a
    • Uwaga dot. bibliografii załącznikowej
    • Bibilogr. s. 217-222.
546 -Uwaga dot. języka [ , ]
    • a
    • Uwaga dot. języka
    • Streszcz. ang.
080 -Uniwersalna Klasyfikacja Dziesiętna [ , ]
    • 2
    • Identyfikator wydania tablic
    • UDC-P058
    • a
    • Symbol klasyfikacji
    • 821.162.1(091)-92
    • b
    • Dopowiedzenie
    • Literatura polska (historia). - Publicystyka. Reportaże. Pisma polemiczne. Felietony. Pamflety.
    • x
    • Poddział wspólny
    • "1944/1989"
    • b
    • Dopowiedzenie
    • Lata 1944/1989.
080 -Uniwersalna Klasyfikacja Dziesiętna [ , ]
    • 2
    • Identyfikator wydania tablic
    • UDC-P058
    • a
    • Symbol klasyfikacji
    • 050+070
    • b
    • Dopowiedzenie
    • Prasoznawstwo. Czasopiśmiennictwo. Rodzaje czasopism. Redagowanie, wydawanie i kolportaż czasopism i prasy. Dziennikarstwo. Znaczenie prasy. Wolność prasy.
    • x
    • Poddział wspólny
    • "1944/1989"
    • b
    • Dopowiedzenie
    • Lata 1944/1989.
    • x
    • Poddział wspólny
    • (438)
    • b
    • Dopowiedzenie
    • (Polska).
630 -Hasło przedmiotowe w formie tytułu ujednoliconego [0,7]
    • a
    • Tytuł ujednolicony
    • Kurier Szczeciński (czasopismo ; Polska ; 1945- )
    • x
    • Określnik rzeczowy
    • język.
    • 2
    • Źródło terminu
    • kaba
    • 9
    • KHW
    • 669571
630 -Hasło przedmiotowe w formie tytułu ujednoliconego [0,7]
    • a
    • Tytuł ujednolicony
    • Kurier Szczeciński (czasopismo ; Polska ; 1945- )
    • x
    • Określnik rzeczowy
    • rubryki prasowe.
    • 2
    • Źródło terminu
    • kaba
    • 9
    • KHW
    • 669570
650 -Hasło przedmiotowe [ ,7]
    • a
    • Hasło przedmiotowe
    • Prasa regionalna
    • z
    • Określnik geograficzny
    • Polska
    • y
    • Określnik chronologiczny
    • 1945-1990.
    • 2
    • Źródło terminu
    • kaba
    • 9
    • KHW
    • 360038
980 -Symbol UKD [ , ]
    • a
    • UKD
    • 821.162.1(091)-92:050+070(438)]"1944/1989"Szczecin
710 -Hasło dodatkowe - nazwa ciała zbiorowego [2, ]
    • a
    • Nazwa ciała zbiorowego lub nazwa geograficzna jako pierwszy element (NP)
    • Uniwersytet Szczeciński.
    • b
    • Nazwa jednostki podrzędnej (P)
    • Wydawnictwo Naukowe.
    • 4
    • Kod relacji
    • pbl
    • 9
    • KHW
    • 51208
920 -ISBN [ , ]
    • a
    • ISBN
    • 83-7241-351-7 Find
Numer inwentarzowy Status udost. Data inwentaryzacji Lokalizacja Sygnatura
Z.10224012004-03-24BGZ.102240
WM.2207-32004-04-15BGWM.2207
H.1850912009-01-22BNS